000 00829nam a2200253Ia 4500
003 OSt
005 20220930091831.0
006 a|||||r|||| 00| 0
007 ta
008 220926b |||||||| |||| 00| 0 eng d
024 _a10406
037 _cTheses
040 _aCRL
_cCRL
_beng
041 _2eng
_aeng
100 _aChaturvedi Sucheta
_9546864
110 _aUniversity of Delhi. Faculty of Arts. Department of Modern Indian Languages
245 0 _aRepresentations of violence against women in post colonial Indian writing
260 _c2012
650 _aLANGUAGE AND LANGUAGES
_98342
700 _a Devi C Promodini Gu.
_9546865
700 _aUniversity of Delhi. Faculty of Arts. Department of Modern Indian Languages
942 _cDIS
_2CC
999 _c882738
_d882738